[Event "NOR-ch U26"]
[Site "Bergen"]
[Date "2015.11.??"]
[Round "3"]
[White "Soberg, Anders"]
[Black "Sivaranjan, Aschmirthan"]
[Result "1-0"]
[WhiteElo "1198"]
[BlackElo "1646"]
[PlyCount "117"]
[EventDate "2015.11.13"]
[EventType "swiss"]
[EventRounds "6"]
[EventCountry "NOR"]
[SourceTitle "EXT 2024"]
[Source "ChessBase"]
[SourceDate "2023.10.10"]
[SourceVersion "1"]
[SourceVersionDate "2023.10.10"]
[SourceQuality "1"]

1. d4 f5 2. Bf4 Nf6 3. e3 e6 4. Nf3 d6 5. Be2 Be7 6. c4 0-0 7. 0-0 Na6 8. Nc3 h6 9. h3 g5 10. Bh2 Nh7 11. Ne1 Bf6 12. Nd3 c6 13. Rc1 Qe7 14. c5 dxc5 15. dxc5 e5 16. b4 Qg7 17. e4 g4 18. hxg4 fxg4 19. Nb1 Be6 20. Nd2 Bxa2 21. Bxg4 Rad8 22. Qc2 Rxd3 23. Qxa2+ Kh8 24. Be2 Nxb4 25. Qb2 Rd4 26. Nb3 Rxe4 27. Ra1 Rh4 28. Rxa7 Ng5 29. Bg3 e4 30. Qd2 Bc3 31. Qd6 Nd3 32. Rxb7 Qxb7 33. Qxf8+ Kh7 34. Bxh4 Qxb3 35. Bg4 Ne5 36. Bf5+ Ng6 37. Bxg5 hxg5 38. Bxe4 Qe6 39. Bxg6+ Kxg6 40. Rd1 Be5 41. Rd8 Qc4 42. Qg8+ Qxg8 43. Rxg8+ Kf5 44. Rc8 Ke6 45. Rxc6+ Kd5 46. Rg6 Kxc5 47. Rxg5 Kd6 48. Rxe5 Kxe5 49. Kh2 Kf4 50. Kh3 Kg5 51. g3 Kh5 52. f4 Kg6 53. Kh4 Kf5 54. Kh5 Kf6 55. g4 Kg7 56. f5 Kh7 57. f6 Kg8 58. Kg6 Kh8 59. g5 1-0

[Event "NOR-ch Class2"]
[Site "Oslo"]
[Date "2015.07.04"]
[Round "6"]
[White "Sivaranjan, Aschmirthan"]
[Black "Overas, Jan Magne"]
[Result "1-0"]
[WhiteElo "1491"]
[BlackElo "1624"]
[PlyCount "71"]
[EventDate "2015.07.04"]
[EventType "swiss"]
[EventRounds "9"]
[EventCountry "NOR"]
[SourceTitle "EXT 2017"]
[Source "ChessBase"]
[SourceDate "2016.10.25"]
[SourceVersion "1"]
[SourceVersionDate "2016.10.25"]
[SourceQuality "1"]

1. e4 e5 2. Nf3 Nc6 3. Bb5 d6 4. c3 a6 5. Ba4 Bg4 6. h3 Bh5 7. d3 b5 8. Bc2 Be7 9. Nbd2 Nf6 10. Nf1 0-0 11. Ng3 Bg6 12. 0-0 Nh5 13. Nxe5 dxe5 14. Nxh5 Bc5 15. Ng3 Qh4 16. Qf3 Ne7 17. Nf5 Bxf5 18. exf5 Qf6 19. Be3 Bd6 20. d4 Kh8 21. Rfe1 Ng8 22. dxe5 Qxe5 23. g3 Qf6 24. h4 Qd8 25. Be4 Rb8 26. Ba7 Rc8 27. Bb7 c5 28. Bxc8 Qxc8 29. Qd5 Rd8 30. Qxf7 Rd7 31. Qe6 Qd8 32. Rad1 Re7 33. Qd5 Rxe1+ 34. Rxe1 Ne7 35. Qe6 h6 36. Rd1 1-0

[Event "Oslo op-B"]
[Site "Oslo"]
[Date "2014.09.28"]
[Round "8"]
[White "Sivaranjan, Aschmirthan"]
[Black "Lindblom, Roar"]
[Result "1/2-1/2"]
[WhiteElo "1509"]
[BlackElo "1858"]
[PlyCount "57"]
[EventDate "2014.09.28"]
[EventType "swiss"]
[EventRounds "9"]
[EventCountry "NOR"]
[SourceTitle "EXT 2017"]
[Source "ChessBase"]
[SourceDate "2016.10.25"]
[SourceVersion "1"]
[SourceVersionDate "2016.10.25"]
[SourceQuality "1"]

1. e4 e5 2. Nf3 Nc6 3. Bb5 a6 4. Ba4 d6 5. c3 Bd7 6. d3 h6 7. Nbd2 Nge7 8. Nf1 Ng6 9. Ng3 Be7 10. 0-0 b5 11. Bc2 Bg5 12. a3 Bg4 13. h3 Bxc1 14. Rxc1 Bd7 15. d4 0-0 16. Qd2 Nf4 17. Rfd1 f6 18. Nh4 Ne7 19. Ne2 Nfg6 20. Nxg6 Nxg6 21. f4 Nxf4 22. Nxf4 exf4 23. Qxf4 Qe8 24. Rf1 Qh5 25. Bd1 Qg5 26. Qf3 Be6 27. Bc2 Rae8 28. Rce1 Bd7 29. b4 1/2-1/2

[Event "Oslo Vederhus Memorial op B"]
[Site "Oslo"]
[Date "2013.09.29"]
[Round "4"]
[White "Einarsen, Kenneth"]
[Black "Sivaranjan, Aschmirthan"]
[Result "1-0"]
[WhiteElo "2094"]
[BlackElo "1568"]
[PlyCount "43"]
[EventDate "2013.09.29"]
[EventType "swiss"]
[EventRounds "9"]
[EventCountry "NOR"]
[SourceTitle "EXT 2024"]
[Source "ChessBase"]
[SourceDate "2023.10.10"]
[SourceVersion "1"]
[SourceVersionDate "2023.10.10"]
[SourceQuality "1"]

1. Nf3 f5 2. d4 Nf6 3. c4 e6 4. g3 d6 5. Nc3 Be7 6. Bg2 0-0 7. 0-0 a6 8. Re1 Qe8 9. e4 fxe4 10. Nxe4 Nbd7 11. Neg5 Nb6 12. Nxe6 Bxe6 13. Rxe6 Qd7 14. Re1 c6 15. Ng5 Rae8 16. Bh3 Qc7 17. Ne6 Qd7 18. Kg2 c5 19. Nxf8 Qc6+ 20. d5 Nbxd5 21. cxd5 Nxd5 22. Be6+ 1-0

[Event "Politiken Cup 35th"]
[Site "Helsingor"]
[Date "2013.07.28"]
[Round "3"]
[White "Sivaranjan, Aschmirthan"]
[Black "Olsson, Tomas"]
[Result "1/2-1/2"]
[WhiteElo "1583"]
[BlackElo "1932"]
[PlyCount "48"]
[EventDate "2013.07.27"]
[EventType "swiss"]
[EventRounds "10"]
[EventCountry "DEN"]
[SourceTitle "CBM 155 Extra"]
[Source "ChessBase"]
[SourceDate "2013.08.26"]
[SourceVersion "1"]
[SourceVersionDate "2013.08.26"]
[SourceQuality "1"]

1. e4 e5 2. Nf3 Nc6 3. Bb5 a6 4. Ba4 d6 5. c3 Bd7 6. d3 Nf6 7. Nbd2 g6 8. Nf1 Bg7 9. Ng3 h6 10. 0-0 0-0 11. h3 Kh7 12. Bc2 b5 13. Nh2 Ne7 14. f4 Nfg8 15. f5 Nf6 16. d4 Bc6 17. Ng4 Neg8 18. dxe5 Nxg4 19. Qxg4 Bxe5 20. Be3 Nf6 21. Qh4 Ng8 22. Qg4 Nf6 23. Qh4 Ng8 24. Qg4 Nf6 1/2-1/2

[Event "NOR-ch Kadett-A"]
[Site "Lillehammer"]
[Date "2013.06.29"]
[Round "9"]
[White "Amarapala, Sherington"]
[Black "Sivaranjan, Aschmirthan"]
[Result "1/2-1/2"]
[WhiteElo "1536"]
[BlackElo "1470"]
[PlyCount "29"]
[EventDate "2013.06.29"]
[EventType "swiss"]
[EventRounds "9"]
[EventCountry "NOR"]
[SourceTitle "EXT 2017"]
[Source "ChessBase"]
[SourceDate "2016.10.25"]
[SourceVersion "1"]
[SourceVersionDate "2016.10.25"]
[SourceQuality "1"]

1. e4 e5 2. Nf3 Nc6 3. d4 exd4 4. Nxd4 Bc5 5. Be3 Qf6 6. c3 Nge7 7. Be2 0-0 8. 0-0 d5 9. Nxc6 Qxc6 10. exd5 Nxd5 11. Bxc5 Qxc5 12. Bf3 Nf4 13. Qa4 Qg5 14. g3 Nh3+ 15. Kg2 1/2-1/2

[Event "Stavanger op B"]
[Site "Stavanger"]
[Date "2013.05.??"]
[Round "1"]
[White "Warstad, Leif Edvin"]
[Black "Sivaranjan, Aschmirthan"]
[Result "0-1"]
[WhiteElo "1326"]
[BlackElo "1572"]
[PlyCount "52"]
[EventDate "2013.05.08"]
[EventType "swiss"]
[EventRounds "6"]
[EventCountry "NOR"]
[SourceTitle "EXT 2024"]
[Source "ChessBase"]
[SourceDate "2023.10.10"]
[SourceVersion "1"]
[SourceVersionDate "2023.10.10"]
[SourceQuality "1"]

1. c4 f5 2. e3 Nf6 3. Nc3 e6 4. g3 d6 5. Bg2 Be7 6. Nf3 0-0 7. 0-0 c6 8. b3 e5 9. Bb2 Qe8 10. d3 Qh5 11. h3 Be6 12. Nh2 Qg6 13. Qe2 Nbd7 14. Rad1 h5 15. Bf3 f4 16. Kh1 fxg3 17. Rg1 h4 18. fxg3 hxg3 19. Qg2 Qh6 20. Qxg3 Bxh3 21. Bc1 Be6 22. e4 Qh7 23. Rd2 Rf7 24. Rgg2 Nh5 25. Bxh5 Qxh5 26. Qg6 Rf1+ 0-1

[Event "Oslo Elo op"]
[Site "Oslo"]
[Date "2012.09.30"]
[Round "6"]
[White "Sivaranjan, Aschmirthan"]
[Black "Johansen, Torbjorn Reidar"]
[Result "1-0"]
[WhiteElo "1505"]
[BlackElo "1922"]
[PlyCount "79"]
[EventDate "2012.09.30"]
[EventType "swiss"]
[EventRounds "9"]
[EventCountry "NOR"]
[SourceTitle "EXT 2013"]
[Source "ChessBase"]
[SourceDate "2012.11.22"]
[SourceVersion "1"]
[SourceVersionDate "2012.11.22"]
[SourceQuality "1"]

1. e4 e5 2. Nf3 Nc6 3. Bb5 a6 4. Ba4 Nf6 5. d3 b5 6. Bb3 Bc5 7. a4 b4 8. c3 bxc3 9. bxc3 d6 10. 0-0 0-0 11. Nbd2 d5 12. exd5 Nxd5 13. Ne4 Be7 14. Re1 f5 15. Ng3 Kh8 16. Nxe5 Nxe5 17. Rxe5 Nxc3 18. Qe1 Bf6 19. Qxc3 Bxe5 20. Qxe5 Re8 21. Qc3 Rb8 22. Bh6 Qe7 23. Bd2 Qd6 24. h3 Qg6 25. a5 c5 26. Ba4 Rf8 27. Qxc5 Bb7 28. Bf4 Rbc8 29. Qb4 Qf6 30. Re1 Bd5 31. Bd6 Rg8 32. Bd7 Rc2 33. Be5 Qd8 34. Bxf5 Qg5 35. Qd4 Qd2 36. Rf1 Bf7 37. Qh4 h5 38. Ne4 Qxa5 39. Nd6 Qd5 40. Qe7 1-0

[Event "Kragero Grand Prix-B"]
[Site "Kragero"]
[Date "2012.08.31"]
[Round "1"]
[White "Plischewski, Henning"]
[Black "Sivaranjan, Aschmirthan"]
[Result "0-1"]
[WhiteElo "921"]
[BlackElo "1314"]
[PlyCount "68"]
[EventDate "2012.08.31"]
[EventType "swiss"]
[EventRounds "5"]
[EventCountry "NOR"]
[SourceTitle "EXT 2024"]
[Source "ChessBase"]
[SourceDate "2023.10.10"]
[SourceVersion "1"]
[SourceVersionDate "2023.10.10"]
[SourceQuality "1"]

1. e4 e5 2. Nf3 Nc6 3. c3 Nf6 4. d4 exd4 5. Nxd4 Nxd4 6. Qxd4 d6 7. Bg5 Be7 8. Nd2 0-0 9. Bc4 c5 10. Qd3 Re8 11. 0-0 h6 12. Bh4 Ng4 13. Bg3 Be6 14. f3 Ne5 15. Bxe5 dxe5 16. Qe2 Bxc4 17. Nxc4 Bg5 18. Rad1 Qc7 19. Rd5 b5 20. Nd6 Re6 21. Nxb5 Qb6 22. Kh1 Rae8 23. Rfd1 c4 24. Qxc4 Qf2 25. Nc7 Rg6 26. Nxe8 Bf4 27. Qf1 Qh4 28. h3 Qg3 29. Qg1 Qh4 30. Rd8 Kh7 31. c4 Rg3 32. R1d7 Rxh3+ 33. gxh3 Qxh3+ 34. Qh2 Qxh2# 0-1

[Event "Politiken Cup 34th"]
[Site "Helsingor"]
[Date "2012.08.05"]
[Round "10"]
[White "Sivaranjan, Aschmirthan"]
[Black "Larsen, Hans Haagen"]
[Result "1-0"]
[WhiteElo "1450"]
[BlackElo "1775"]
[PlyCount "74"]
[EventDate "2012.07.28"]
[EventType "swiss"]
[EventRounds "10"]
[EventCountry "DEN"]
[SourceTitle "CBM 149 Extra"]
[Source "ChessBase"]
[SourceDate "2012.08.24"]
[SourceVersion "1"]
[SourceVersionDate "2012.08.24"]
[SourceQuality "1"]

1. e4 e6 2. d4 d5 3. e5 c5 4. c3 Ne7 5. a3 Nec6 6. Nf3 b6 7. b4 cxd4 8. cxd4 Be7 9. Bd3 f5 10. 0-0 0-0 11. Bf4 g5 12. Be3 Kh8 13. Qc2 Bb7 14. Nc3 a6 15. Ne2 Nd7 16. h3 Rf7 17. Qc1 Qg8 18. Bxg5 Bxg5 19. Nxg5 Rg7 20. Nf3 Rc8 21. Qe3 Qf7 22. Qh6 Rcg8 23. g3 Nf8 24. Kh2 Ng6 25. Rg1 Na7 26. Ng5 Qe8 27. h4 Nf8 28. Nf4 Bc8 29. Rac1 Ng6 30. Nh5 Re7 31. Nf6 Qf8 32. Qxf8 Rxf8 33. Nfxh7 Rxh7 34. Nxh7 Kxh7 35. Rc7+ Kg8 36. Rxa7 b5 37. Rc1 Re8 1-0